LEADER 01215nam a2200265 i 4500 001 000000035184 003 CaOOAMICUS 005 20250707100107.0 008 041129s1989 fr u000 u fre u 013 $a3109 040 $aSeMil$bita 100 1 $aLemaire, Jacques.$0(OLS)http://semarc/name/16315 245 10$aIntroduction à la codicologie /$cpar Jacques Lemaire. 264 1$a[Louvain] :$bLouvain La-Neuve,$c1989. 300 $aXI, 265 p. [24] p. di tav. ;$c24 cm. 490 1 $aPublications de l'Institut d'études medievale. Textes, études, congrès ;$v9 500 $aA piè del front. : Ouvrage publié avec le concours de la Fondation universitaire de Belgique. 650 4$aCodicologia.$0(OLS)http://semarc/subject/52408 830 0$aPublications de l'Institut d'études medievale. Textes, études, congrès ;$v9.$0(OLS)http://semarc/title/8657 850 $aSeMil 852 $aSeMil$W1$xVenegono$y1$m3Y III 34$j259172$B1339$CSeMilBibl$Z2$F1339 $81 961 $aOmaggio: Casa editrice 996 $6245$aIntroduction à la codicologie$9(OLS)http://semarc/title/47997 996 $6264$a[Louvain] :$bLouvain La-Neuve$9(OLS)http://semarc/publisher/30907 LEADER 00652nam a2200193 i 4500 001 000000102957 003 CaOOAMICUS 005 20010912000000.0 008 010912s1990 it u000 u ita u 013 $a75115 020 $a88-14-02746-3 040 $aSeMil$bita 245 10$aSospensione-Sviluppo. 300 $aXXX, 1565 p. 773 0 $tEnciclopedia del diritto.$dMilano : Giuffrè, 1958-1995.$g43$w()3324 850 $aSeMil 852 $aSeMil$W1$xVenegono$y1$mSL1.N VII 58$j258165$B59418$CSeMilBibl$Z2$F43909 $8I 996 $6020$a88-14-02746-3$9(OLS)http://semarc/number/82665 996 $6245$aSospensione-Sviluppo$9(OLS)http://semarc/title/149701